[Event "Hull 4NCL op-A"]
[Site "Hull"]
[Date "2023.09.10"]
[Round "5"]
[White "Buanne, Luca"]
[Black "Mize, Dylan"]
[Result "1/2-1/2"]
[WhiteElo "1898"]
[BlackElo "1790"]
[PlyCount "89"]
[EventDate "2023.09.08"]
[EventType "swiss"]
[EventRounds "5"]
[EventCountry "ENG"]
[SourceTitle "EXT 2024"]
[Source "ChessBase"]
[SourceDate "2023.10.10"]
[SourceVersion "1"]
[SourceVersionDate "2023.10.10"]
[SourceQuality "1"]

1. e4 c6 2. d4 d5 3. e5 Bf5 4. h4 h5 5. Bd3 Bxd3 6. Qxd3 e6 7. Bg5 Qd7 8. Nf3 c5 9. c3 Nc6 10. a3 c4 11. Qc2 Nge7 12. Bxe7 Nxe7 13. b3 cxb3 14. Qxb3 Nc6 15. Nbd2 Na5 16. Qb1 Rc8 17. Qd3 Be7 18. 0-0 Qc6 19. Rfc1 Nc4 20. a4 g6 21. Nxc4 Qxc4 22. Qb1 Rc7 23. Nd2 Qc6 24. c4 Bxh4 25. cxd5 Qxc1+ 26. Qxc1 Rxc1+ 27. Rxc1 exd5 28. Rc7 0-0 29. Rxb7 Rc8 30. Rxa7 Rc2 31. Nf3 Bxf2+ 32. Kf1 Be3 33. Rd7 Rf2+ 34. Ke1 Rxg2 35. Rxd5 g5 36. e6 fxe6 37. Re5 Bf4 38. Re2 Rxe2+ 39. Kxe2 Kf8 40. a5 Bc7 41. a6 Bb6 42. Nxg5 Ke7 43. Kd3 h4 44. Ke4 Kd6 45. Kf4 1/2-1/2

[Event "Hull 4NCL op-A"]
[Site "Hull"]
[Date "2023.09.09"]
[Round "3"]
[White "Collinson, Mark I"]
[Black "Buanne, Luca"]
[Result "1-0"]
[WhiteElo "1818"]
[BlackElo "1898"]
[PlyCount "63"]
[EventDate "2023.09.08"]
[EventType "swiss"]
[EventRounds "5"]
[EventCountry "ENG"]
[SourceTitle "EXT 2024"]
[Source "ChessBase"]
[SourceDate "2023.10.10"]
[SourceVersion "1"]
[SourceVersionDate "2023.10.10"]
[SourceQuality "1"]

1. d4 Nf6 2. c4 e6 3. g3 Bb4+ 4. Bd2 Be7 5. Bg2 d5 6. Nf3 0-0 7. cxd5 exd5 8. Nc3 c6 9. 0-0 Ne4 10. Ne5 Nxd2 11. Qxd2 Bf5 12. Rad1 Nd7 13. e4 dxe4 14. Nxe4 Nf6 15. Nc3 Qc7 16. Rfe1 Rad8 17. Qf4 Be6 18. Nxf7 Qxf4 19. Nxd8 Qb8 20. Nxe6 Re8 21. d5 c5 22. Ne4 Nxe4 23. Rxe4 Qd6 24. Rde1 Bf6 25. Nxc5 Rf8 26. Ne6 Rc8 27. Nd4 Qb6 28. Nf5 Rc2 29. R4e2 Rxb2 30. Rxb2 Bxb2 31. d6 Qc5 32. Bd5+ 1-0

[Event "Leamington Spa 4NCL op-A 28th"]
[Site "Leamington Spa"]
[Date "2022.07.09"]
[Round "3"]
[White "Buanne, Luca"]
[Black "Martin, Lewis"]
[Result "1-0"]
[WhiteElo "1915"]
[BlackElo "2199"]
[PlyCount "71"]
[EventDate "2022.07.08"]
[EventType "swiss"]
[EventRounds "5"]
[EventCountry "ENG"]
[SourceTitle "CBM 209 Extra"]
[Source "ChessBase"]
[SourceDate "2022.09.30"]
[SourceVersion "1"]
[SourceVersionDate "2022.09.30"]
[SourceQuality "1"]

1. d4 d5 2. c4 c6 3. Nf3 Nf6 4. Nc3 dxc4 5. a4 Bf5 6. Nh4 e6 7. Nxf5 exf5 8. e3 Bb4 9. Bxc4 0-0 10. 0-0 Nbd7 11. Bd3 g6 12. Qf3 Re8 13. Rd1 Qa5 14. Bd2 Rad8 15. h3 Nc5 16. Bc4 Ne6 17. Be1 Qc7 18. Rac1 Ng5 19. Qe2 f4 20. h4 Ne6 21. Bxe6 Rxe6 22. d5 Ree8 23. dxc6 Rxd1 24. Qxd1 bxc6 25. Nb5 Qa5 26. Nd6 Rd8 27. Qd4 Bxe1 28. Qxf6 Bxf2+ 29. Kf1 Rd7 30. Nc4 Bxh4 31. Qxh4 Qxa4 32. Qxf4 Rd1+ 33. Rxd1 Qxd1+ 34. Kf2 Qc2+ 35. Kg3 Kg7 36. Qd4+ 1-0

[Event "Hammersmith CC op"]
[Site "London"]
[Date "2022.06.04"]
[Round "3"]
[White "Neenan, Henry"]
[Black "Buanne, Luca"]
[Result "1/2-1/2"]
[WhiteElo "1890"]
[BlackElo "2047"]
[PlyCount "128"]
[EventDate "2022.06.04"]
[EventType "swiss"]
[EventRounds "6"]
[EventCountry "ENG"]
[SourceTitle "CBM 208 Extra"]
[Source "ChessBase"]
[SourceDate "2022.07.31"]
[SourceVersion "1"]
[SourceVersionDate "2022.07.31"]
[SourceQuality "1"]

1. e4 c5 2. Nf3 d6 3. Bb5+ Nd7 4. b3 a6 5. Bxd7+ Bxd7 6. Bb2 Bc6 7. d3 e6 8. 0-0 Nf6 9. Nbd2 Be7 10. Re1 0-0 11. e5 dxe5 12. Nxe5 Qc7 13. Nxc6 Qxc6 14. Nf3 Rad8 15. Qd2 b5 16. a4 c4 17. bxc4 bxc4 18. Ne5 Qc8 19. Qf4 c3 20. Ba3 Bxa3 21. Rxa3 Qc5 22. Nc4 Rd4 23. Qc1 Nd5 24. g3 Rb8 25. Re5 Qc7 26. Re1 h6 27. Qa1 Qc5 28. Qa2 Rb4 29. Rb3 Rdxc4 30. dxc4 Qxc4 31. Ra3 Qd4 32. Rb1 a5 33. Rxb4 Nxb4 34. Qb3 Qd1+ 35. Kg2 Nxc2 36. Qxc3 Ne1+ 37. Kf1 Nf3+ 38. Kg2 Ne1+ 39. Kf1 Nc2+ 40. Kg2 Nxa3 41. Qxa3 Qd5+ 42. Kg1 Qc4 43. Qa1 f6 44. Qd1 Kh7 45. Qb1+ f5 46. Qd1 Kg6 47. h4 Kf6 48. Qd8+ Kg6 49. Qxa5 Qd4 50. Qb5 Qd1+ 51. Kg2 f4 52. Qc6 f3+ 53. Kh3 Qe2 54. h5+ Kxh5 55. Qc5+ g5 56. g4+ Kg6 57. Kg3 h5 58. gxh5+ Kxh5 59. Qe3 g4 60. a5 Kg6 61. a6 Qxa6 62. Kxg4 Qe2 63. Qxf3 Qxf3+ 64. Kxf3 Kf5 1/2-1/2

[Event "Cattolica Vergani Cup"]
[Site "Cattolica"]
[Date "2021.12.29"]
[Round "6"]
[White "Casadio, Niccolo"]
[Black "Buanne, Luca"]
[Result "1-0"]
[WhiteElo "2040"]
[BlackElo "1880"]
[PlyCount "81"]
[EventDate "2021.12.26"]
[EventType "swiss"]
[EventRounds "9"]
[EventCountry "ITA"]
[SourceTitle "EXT 2023"]
[Source "ChessBase"]
[SourceDate "2022.10.05"]
[SourceVersion "1"]
[SourceVersionDate "2022.10.05"]
[SourceQuality "1"]

1. e4 c5 2. Nf3 d6 3. d4 cxd4 4. Nxd4 Nf6 5. Nc3 a6 6. f3 e5 7. Nb3 Be7 8. Be3 Be6 9. Qd2 0-0 10. 0-0-0 Nbd7 11. g4 b5 12. g5 Nh5 13. Kb1 Nb6 14. Nd5 Bxd5 15. exd5 f5 16. Rg1 Nc4 17. Bxc4 bxc4 18. Na5 f4 19. Bf2 Qc7 20. Nc6 g6 21. Qb4 Ng7 22. Qxc4 Rfc8 23. Rd3 Bd8 24. a4 Qf7 25. Qb4 Nf5 26. h4 a5 27. Qe4 Ne7 28. Rgd1 Ra6 29. Rc3 Nxd5 30. Qxd5 Rcxc6 31. Qxc6 Rxc6 32. Rxc6 Bc7 33. Bb6 Bxb6 34. Rxb6 d5 35. Rb5 Qe6 36. Rbxd5 Qh3 37. Rxe5 Qxh4 38. Rd8+ Kf7 39. Rde8 Qxg5 40. Rxg5 Kxe8 41. b4 1-0

[Event "Cattolica Vergani Cup"]
[Site "Cattolica"]
[Date "2021.12.27"]
[Round "3"]
[White "Buanne, Luca"]
[Black "Mrithyunjay, Mahadevan"]
[Result "0-1"]
[WhiteElo "1880"]
[BlackElo "2206"]
[PlyCount "46"]
[EventDate "2021.12.26"]
[EventType "swiss"]
[EventRounds "9"]
[EventCountry "ITA"]
[SourceTitle "EXT 2023"]
[Source "ChessBase"]
[SourceDate "2022.10.05"]
[SourceVersion "1"]
[SourceVersionDate "2022.10.05"]
[SourceQuality "1"]

1. d4 Nf6 2. c4 g6 3. Nc3 d5 4. cxd5 Nxd5 5. e4 Nxc3 6. bxc3 Bg7 7. Bc4 c5 8. Ne2 Nc6 9. Be3 cxd4 10. cxd4 Qa5+ 11. Bd2 Qa3 12. Bc3 0-0 13. Qb3 Qxb3 14. axb3 Rd8 15. Rd1 Rb8 16. b4 b5 17. Bd5 Bb7 18. 0-0 e6 19. Bxc6 Bxc6 20. f3 Bb7 21. Nc1 Rbc8 22. Rd3 Rxc3 23. Rxc3 Bxd4+ 0-1

[Event "UK Challenge Terafinal U14"]
[Site "Blenheim"]
[Date "2021.10.10"]
[Round "11"]
[White "Buanne, Luca"]
[Black "Arora, Tashika"]
[Result "1/2-1/2"]
[WhiteElo "1617"]
[BlackElo "1413"]
[PlyCount "109"]
[EventDate "2021.10.09"]
[EventType "tourn (rapid)"]
[EventRounds "11"]
[EventCountry "ENG"]
[SourceTitle "EXT 2023"]
[Source "ChessBase"]
[SourceDate "2022.10.05"]
[SourceVersion "1"]
[SourceVersionDate "2022.10.05"]
[SourceQuality "1"]

1. e4 c5 2. Nf3 d6 3. d4 cxd4 4. Nxd4 Nf6 5. Nc3 g6 6. Be3 Bg7 7. f3 0-0 8. Qd2 Nc6 9. g4 Be6 10. 0-0-0 Ne5 11. h4 h5 12. g5 Nfd7 13. Nxe6 fxe6 14. f4 Ng4 15. Bc4 Nxe3 16. Bxe6+ Kh7 17. Qxe3 Nc5 18. Bd5 e6 19. Bb3 Qe7 20. f5 exf5 21. Rhe1 fxe4 22. Nxe4 Rae8 23. Bd5 Qe5 24. c3 Rf5 25. Qd2 Qxd5 26. Qxd5 Rxd5 27. Rxd5 Rxe4 28. Rxe4 Nxe4 29. Rb5 b6 30. a4 Nc5 31. Kc2 Nxa4 32. Rd5 Be5 33. Kb3 Nc5+ 34. Kc4 a6 35. Rd1 Kg7 36. Kd5 Na4 37. Rd2 b5 38. Rc2 Nc5 39. Rd2 Kf7 40. Kc6 Ke6 41. Rf2 Bg3 42. Rf6+ Ke7 43. Rxg6 Bxh4 44. Rxd6 Na4 45. Rd7+ Kf8 46. Rh7 Bxg5 47. Rxh5 Bf6 48. Rf5 Ke7 49. Rf2 Nxc3 50. Rxf6 Kxf6 51. bxc3 Ke5 52. Kb6 Kd5 53. Kxa6 Kc4 54. Ka5 Kxc3 55. Kxb5 1/2-1/2

[Event "UK Challenge Terafinal U14"]
[Site "Blenheim"]
[Date "2021.10.10"]
[Round "10"]
[White "Pert, Nina P"]
[Black "Buanne, Luca"]
[Result "0-1"]
[WhiteElo "1558"]
[BlackElo "1617"]
[PlyCount "78"]
[EventDate "2021.10.09"]
[EventType "tourn (rapid)"]
[EventRounds "11"]
[EventCountry "ENG"]
[SourceTitle "EXT 2023"]
[Source "ChessBase"]
[SourceDate "2022.10.05"]
[SourceVersion "1"]
[SourceVersionDate "2022.10.05"]
[SourceQuality "1"]

1. e4 c5 2. Nc3 d6 3. f4 Nc6 4. Nf3 g6 5. Bc4 Bg7 6. 0-0 e6 7. Qe1 Nge7 8. a4 Nd4 9. Nxd4 Bxd4+ 10. Kh1 0-0 11. Ne2 Bg7 12. d3 d5 13. Ba2 Nc6 14. c3 dxe4 15. dxe4 Qe7 16. Ng3 Re8 17. Qf2 b6 18. f5 Qf6 19. Bd2 exf5 20. exf5 g5 21. Nh5 Qh6 22. Nxg7 Qxg7 23. Qg3 Ba6 24. f6 Qg6 25. Bb1 Qh5 26. Bd3 Bxd3 27. Qxd3 Rad8 28. Rae1 h6 29. Rxe8+ Rxe8 30. Be3 Ne5 31. Qe4 Qe2 32. Rg1 Re6 33. Qa8+ Kh7 34. Bc1 Rxf6 35. Qe8 Rf1 36. Be3 Qe1 37. h3 Rxg1+ 38. Bxg1 Kg7 39. Kh2 Nf3+ 0-1

[Event "EU-ch Online U12"]
[Site "Tornelo INT"]
[Date "2020.09.19"]
[Round "5"]
[White "Buanne, Luca"]
[Black "Kvaloy, Aksel Bu"]
[Result "0-1"]
[WhiteElo "1617"]
[BlackElo "1927"]
[PlyCount "97"]
[EventDate "2020.09.18"]
[EventType "swiss (rapid)"]
[EventRounds "9"]
[EventCountry "NET"]
[SourceTitle "EXT 2023"]
[Source "ChessBase"]
[SourceDate "2022.10.05"]
[SourceVersion "1"]
[SourceVersionDate "2022.10.05"]
[SourceQuality "1"]
[WhiteTeam "England"]
[BlackTeam "Norway"]
[WhiteTeamCountry "ENG"]
[BlackTeamCountry "NOR"]

1. d4 Nf6 2. c4 e6 3. Nf3 d5 4. cxd5 exd5 5. g3 c6 6. Bg2 Bd6 7. 0-0 0-0 8. Nc3 h6 9. Bf4 Re8 10. Ne5 Nh5 11. Nd3 Nxf4 12. Nxf4 Nd7 13. Qd2 Nf6 14. Rad1 Bf5 15. e3 Qc8 16. Rfe1 Bxf4 17. exf4 Qd7 18. a3 Rxe1+ 19. Rxe1 Re8 20. Re5 Ng4 21. Rxe8+ Qxe8 22. h3 Nf6 23. f3 Qe7 24. g4 Bc8 25. Kf2 Ne8 26. Kg3 Nd6 27. b3 b6 28. Qe2 Qxe2 29. Nxe2 Ba6 30. Nc3 f5 31. Kf2 Bd3 32. Bf1 Bxf1 33. Kxf1 Kf7 34. Ke2 Ke6 35. Ke3 Nb7 36. b4 Nd6 37. Kd3 Nc4 38. a4 g6 39. b5 c5 40. dxc5 bxc5 41. h4 h5 42. g5 Na5 43. Nd1 d4 44. Nb2 Kd5 45. Kd2 Nc4+ 46. Nxc4 Kxc4 47. Kc2 Kb4 48. Kd3 Kxa4 49. Kc4 0-1

[Event "GBR-ch U12 106th"]
[Site "Torquay"]
[Date "2019.08.02"]
[Round "6"]
[White "Buanne, Luca"]
[Black "Trivedi, Aarnavh"]
[Result "0-1"]
[WhiteElo "1636"]
[BlackElo "1669"]
[PlyCount "108"]
[EventDate "2019.07.28"]
[EventType "swiss"]
[EventRounds "7"]
[EventCountry "ENG"]
[SourceTitle "EXT 2020"]
[Source "ChessBase"]
[SourceDate "2019.10.17"]
[SourceVersion "1"]
[SourceVersionDate "2019.10.17"]
[SourceQuality "1"]

1. e4 c6 2. d4 d5 3. Nc3 dxe4 4. Nxe4 Bf5 5. Ng3 Bg6 6. h4 h6 7. Nf3 Nd7 8. h5 Bh7 9. Bd3 Bxd3 10. Qxd3 e6 11. Bd2 Qc7 12. 0-0-0 Ngf6 13. Ne4 0-0-0 14. g3 Nxe4 15. Qxe4 Nf6 16. Qe2 Bd6 17. c4 c5 18. Bc3 a6 19. Kb1 Qc6 20. d5 Qe8 21. dxe6 Qxe6 22. Qxe6+ fxe6 23. Nh4 Ne4 24. Ng6 Nxc3+ 25. bxc3 Rhe8 26. f4 Kc7 27. Rhe1 b5 28. cxb5 axb5 29. Kc2 Kc6 30. Re4 Ra8 31. Kb2 Rab8 32. Rde1 Kd5 33. Ne5 Rb7 34. R4e2 Bxe5 35. Rxe5+ Kd6 36. f5 Rbe7 37. Kb3 exf5 38. Rxe7 Rxe7 39. Rxe7 Kxe7 40. a3 g5 41. hxg6 h5 42. c4 bxc4+ 43. Kxc4 f4 44. gxf4 h4 45. Kxc5 h3 46. a4 h2 47. a5 h1Q 48. a6 Qb1 49. Kc6 Qb8 50. f5 Kf6 51. Kc5 Kxf5 52. g7 Ke6 53. g8Q+ Qxg8 54. a7 Qg1+ 0-1

[Event "Basingstoke 4NCL Spring Bank 2nd U2050"]
[Site "Basingstoke"]
[Date "2019.05.25"]
[Round "3"]
[White "Gardiner, Eric D"]
[Black "Buanne, Luca"]
[Result "1-0"]
[WhiteElo "1959"]
[BlackElo "1536"]
[PlyCount "89"]
[EventDate "2019.05.24"]
[EventType "swiss"]
[EventRounds "7"]
[EventCountry "ENG"]
[SourceTitle "EXT 2020"]
[Source "ChessBase"]
[SourceDate "2019.10.17"]
[SourceVersion "1"]
[SourceVersionDate "2019.10.17"]
[SourceQuality "1"]

1. d4 e6 2. e4 d5 3. e5 c5 4. c3 Qb6 5. Nf3 Nc6 6. a3 Nh6 7. b4 cxd4 8. cxd4 Nf5 9. Bb2 Be7 10. Bd3 Bd7 11. Bxf5 exf5 12. Nc3 Be6 13. Qd3 Rc8 14. 0-0 g5 15. Na4 Qd8 16. Nc5 b6 17. Nxe6 fxe6 18. Bc3 0-0 19. b5 Nb8 20. a4 Qe8 21. Bb2 h5 22. Ba3 g4 23. Nd2 Rf7 24. Bxe7 Rxe7 25. Rfc1 Rec7 26. Rxc7 Rxc7 27. Qe3 Qg6 28. Nf1 Nd7 29. Rc1 Rxc1 30. Qxc1 Nf8 31. Ng3 h4 32. Ne2 Qg7 33. g3 hxg3 34. hxg3 Qd7 35. Qg5+ Qg7 36. Qd8 Qd7 37. Qxd7 Nxd7 38. Nf4 Kf7 39. Nd3 Nb8 40. Nb4 Ke7 41. Kf1 Kd7 42. Ke2 Kc7 43. Ke3 Kb7 44. Kf4 a5 45. bxa6+ 1-0